000 00461nam a2200181Ia 4500
001 24292
005 20260414151033.0
008 260414t2015||||xx |||||||||||||| ||spa||
041 _aESP
082 _a345.2
_bQ74
100 _aQuiroz Salazar, William F.
_eAUT
245 0 _aEl sistema de audiencias en el proceso penal acusatorio
_b
260 _c2015
300 _a382 páginas :
_c25 cm.
650 _aDER
654 _aCDE
942 _cLIB
_dJUS
_fJUS
_2ddc
_n
999 _c24292
_d24292